Tereyannu teredaga V T Rajshekar baduku mathu chaluvali (Record no. 215904)

MARC details
000 -LEADER
fixed length control field 00752nam a2200205Ia 4500
003 - CONTROL NUMBER IDENTIFIER
control field OSt
005 - DATE AND TIME OF LATEST TRANSACTION
control field 20251125162625.0
008 - FIXED-LENGTH DATA ELEMENTS--GENERAL INFORMATION
fixed length control field 210719s2005 xx 000 0 und d
040 ## - CATALOGING SOURCE
Transcribing agency AL
041 ## - LANGUAGE CODE
Language code of text/sound track or separate title kannada
082 ## - DEWEY DECIMAL CLASSIFICATION NUMBER
Classification number 305.5K RAJT
100 ## - MAIN ENTRY--PERSONAL NAME
Personal name RAJENDRA
9 (RLIN) 66662
Dates associated with a name ರಾಜೇಂದ್ರ
245 ## - TITLE STATEMENT
Title Tereyannu teredaga V T Rajshekar baduku mathu chaluvali
Remainder of title ತೆರೆಯನ್ನು ತೆರೆದಾಗ : ವಿ ಟಿ ರಾಜಶೇಖರ್ ಬದುಕು ಮತ್ತು ಚಳುವಳಿ
260 ## - PUBLICATION, DISTRIBUTION, ETC.
Place of publication, distribution, etc. Bengaluru
Name of publisher, distributor, etc. Dalita Sahitya Sanghatane
Date of publication, distribution, etc. 2005
300 ## - PHYSICAL DESCRIPTION
Extent 159
Other physical details PB
365 ## - TRADE PRICE
Price amount 100
Currency code Rs
650 ## - SUBJECT ADDED ENTRY--TOPICAL TERM
Topical term or geographic name entry element Biography
9 (RLIN) 185891
906 ## - LOCAL DATA ELEMENT F, LDF (RLIN)
a baduku ; chaluvali ; mathu ; Rajshekar ; T ; teredaga ; Tereyannu ; V
942 ## - ADDED ENTRY ELEMENTS (KOHA)
Source of classification or shelving scheme Dewey Decimal Classification
Koha item type Book
Holdings
Withdrawn status Lost status Source of classification or shelving scheme Damaged status Not for loan Collection code Home library Current library Date acquired Source of acquisition Cost, normal purchase price Total Checkouts Full call number Barcode Date last seen Price effective from Koha item type
    Dewey Decimal Classification     Kannada St Aloysius Library St Aloysius Library 03/14/2020 General Annual 100.00   305.5K RAJT D04539 07/19/2021 07/19/2021 Donated Books